000 00583nam a2200217Ia 4500
003 OSt
005 20220918105440.0
006 a|||||r|||| 00| 0
007 ta
008 220915b |||||||| |||| 00| 0 eng d
024 _a94,308
037 _cReference Collections
040 _aARTS
_cARTS
_beng
041 _2eng
_aeng
082 _aV4k, M8.1-.4(RR)
100 _aEmbree A.T. Ed.
_91453
245 0 _aEncyclopedia of Asian history
260 _c1988
942 _hV4k, M8.1-.4(RR)
_cREF
999 _c107353
_d107353